[Event "45th Olympiad Budapest 2024"]
[Site "Budapest"]
[Date "2024.09.19"]
[Round "8"]
[Board "1"]
[White "Gurner, Jem"]
[Black "Kumar, Manoj"]
[Result "1-0"]
[WhiteElo "2091"]
[BlackElo "1951"]
[PlyCount "101"]
[EventDate "2024.09.11"]
[EventType "team-tourn"]
[EventRounds "11"]
[EventCountry "HUN"]
[WhiteTeam "Jersey"]
[BlackTeam "Fiji"]
[BlackTeamCountry "FIJ"]

1. e4 e5 2. Nf3 Nc6 3. d4 exd4 4. Nxd4 Nf6 5. Nxc6 bxc6 6. e5 Nd5 7. c4 Nb6 8. Be2 Be7 9. O-O O-O 10. Nc3 ({RR} 10. Nd2 d5 11. b3 Re8 12. Bb2 Be6 13. Qc2 f5 14. c5 Nd7 15. b4 g6 16. Nb3 Nf8 17. Rfd1 Bd7 18. e6 Nxe6 19. Qc3 Kf7 20. Qh3 Ng5 21. Qd3 Bf6 22. Nd4 Ne6 23. Bf3 Nxd4 24. Bxd4 Bxd4 {0-1 Kuc,M (1748)-Korsun,W (1714) 288th YMCA Spring C 2024 (9)}) 10... d6 11. Bf4 Be6 12. b3 d5 $146 ({RR} 12... Nd7 13. exd6 cxd6 14. Bxd6 Nf6 15. Bxe7 Qxe7 16. Bf3 Qc7 17. Qd4 Rad8 18. Qc5 Ng4 19. Qh5 Nf6 20. Qh4 Rd3 21. Ne4 Nd7 22. Rad1 Rxd1 23. Rxd1 Bf5 24. Ng3 Be6 25. Qe7 Qc8 26. Ne4 Re8 27. Nd6 {1-0 Gross,A-Rjabzev,Y Russia CC op 2002}) 13. Qc2 Qc8 14. Bd3 h6 15. Rfd1 a5 16. Ne2 c5 17. Ng3 Rd8 18. a4 dxc4 19. bxc4 Rxd3 20. Qxd3 Bxc4 21. Qe4 Be6 22. Be3 Rb8 23. f4 Qb7 24. Qxb7 Rxb7 25. Rab1 g6 26. Rb5 c4 27. Ne4 Ra7 28. Bxb6 cxb6 29. Rxb6 c3 30. Rb8+ Kg7 31. Nxc3 Bc5+ 32. Kh1 Be3 33. Nb5 Re7 34. Nd6 Bxf4 35. Ne8+ Rxe8 36. Rxe8 Bxe5 37. Ra8 Bc3 38. Rd6 Bb4 39. Rda6 Kf6 40. Rxa5 Bxa5 41. Rxa5 Ke7 42. Rc5 Kd6 43. Rc1 Bd7 44. a5 Bb5 45. Kg1 f5 46. Kf2 g5 47. g3 h5 48. Ke3 Ba6 49. Kd4 Bb7 50. Rc5 f4 51. Rxg5 1-0

[Event "45th Olympiad Budapest 2024"]
[Site "Budapest"]
[Date "2024.09.19"]
[Round "8"]
[Board "2"]
[White "Prasad, Rudr"]
[Black "Carpenter, Paul A"]
[Result "1-0"]
[WhiteElo "1777"]
[BlackElo "1985"]
[PlyCount "71"]
[EventDate "2024.09.11"]
[EventType "team-tourn"]
[EventRounds "11"]
[EventCountry "HUN"]
[WhiteTeam "Fiji"]
[BlackTeam "Jersey"]
[WhiteTeamCountry "FIJ"]

1. d4 d6 2. c4 Nf6 3. g3 c6 4. Bg2 Nbd7 5. Nf3 Qc7 6. O-O e5 7. dxe5 dxe5 8. Nc3 Be7 9. Qc2 O-O $146 ({RR} 9... Nf8 10. Rd1 Ng6 11. e4 O-O 12. Qe2 Bg4 13. h3 Be6 14. Be3 b6 15. a3 h6 16. Rac1 Kh7 17. Kh2 Nd7 18. Qe1 f5 19. exf5 Rxf5 20. Nd2 Raf8 21. Qe2 Nc5 22. Rf1 Nf4 23. Bxf4 exf4 24. Be4 {0-1 Lapcevic,M-Manic,D Pirot Summer op 2004 (9)}) 10. Rd1 Re8 11. Rb1 Nb6 12. b3 Bg4 13. Bb2 Bh5 14. Nh4 Bc5 15. Ne4 Nxe4 16. Bxe4 Bg6 17. Nxg6 hxg6 18. Bg2 Nd7 19. a3 a5 20. b4 axb4 21. axb4 Bxb4 22. Bxe5 Rxe5 23. Rxb4 Rae8 24. e3 Nc5 25. Qb2 Qe7 26. Qd4 Qf6 27. f4 Rxe3 28. Qxc5 Re1+ 29. Rxe1 Rxe1+ 30. Bf1 Qa1 31. Qf2 b6 32. Rxb6 Re6 33. Rb8+ Kh7 34. g4 g5 35. fxg5 Kg6 36. Qf5# 1-0

[Event "45th Olympiad Budapest 2024"]
[Site "Budapest"]
[Date "2024.09.19"]
[Round "8"]
[Board "3"]
[White "Belzo, Krzysztof"]
[Black "Terubea, Ronald"]
[Result "1-0"]
[WhiteElo "2076"]
[BlackElo "1836"]
[PlyCount "87"]
[EventDate "2024.09.11"]
[EventType "team-tourn"]
[EventRounds "11"]
[EventCountry "HUN"]
[WhiteTeam "Jersey"]
[BlackTeam "Fiji"]
[BlackTeamCountry "FIJ"]

1. d4 {Bulletin} f5 2. c4 e6 3. Nc3 Nf6 4. Nf3 b6 5. g3 ({RR} 5. e3 Bb4 6. Qb3 Bxc3+ 7. Qxc3 Bb7 8. Be2 d6 9. b3 Qe7 10. Bb2 Nbd7 11. O-O-O Ne4 12. Qe1 a5 13. Rg1 O-O 14. Nd2 a4 15. f3 Nxd2 16. Qxd2 b5 17. cxb5 axb3 18. axb3 c6 19. g4 cxb5 {0-1 Khismatullin,D (2552)-Zaitsev,V (2392) Serpukhov Lushki-A 2004 (10)}) 5... Bb4 6. Qb3 $146 ({RR} 6. Bg2 Bxc3+ 7. bxc3 Bb7 8. Ba3 Ne4 9. Qc2 Nc6 10. O-O d6 11. d5 Na5 12. Nd4 Nxc4 13. Qa4+ Qd7 14. Qxc4 Nd2 15. Qd3 Nxf1 16. Nxe6 Nxg3 17. Qxg3 g6 18. c4 Qf7 19. Bb2 Rg8 20. e4 Kd7 {1-0 Misailovic,N (2373)-Spichkin,A (2035) Titled Tue 27th Aug Early 2024 (7)}) ({RR} 6. Bg2 Bxc3+ 7. bxc3 Bb7 8. O-O Ne4 9. Qb3 O-O 10. a4 a5 11. c5 Ba6 12. cxb6 Bxe2 13. Re1 Bxf3 14. Bxf3 d5 15. bxc7 Qxc7 16. Bf4 Qc6 17. Rac1 Ra6 18. Be2 Rb6 19. Bb5 Qe8 20. c4 ({RR} 20. f3 Nf6 21. Bc7 Rb7 22. Bd6) 20... dxc4 {1-0 Schmid,B (1940)-Bittner,H (1960) Regionalliga NW 9697 1996}) ({RR} 6. Bg5 h6 7. Bxf6 Qxf6 8. Rc1 Bb7 9. Bg2 O-O 10. O-O Bxc3 11. Rxc3 Be4 12. d5 e5 13. Qd2 d6 14. Nh4 Bxg2 15. Nxg2 Nd7 16. b4 a5 17. a3 axb4 18. axb4 Ra4 19. f4 e4 20. Ne3 Rxb4 {0-1 Silva,C (1881)-Rocha,V (2022) Recife Arraes Memorial 6th 2013 (7)}) 6... Bxc3+ 7. Qxc3 d6 8. Bg2 Bb7 9. c5 Ne4 10. Qc2 bxc5 11. Ng5 Qf6 12. dxc5 Nxc5 13. Bxb7 Nxb7 14. Qxc7 Qe7 15. Nxe6 Qxe6 16. Qxb7 Qe4 17. Qxe4+ fxe4 18. Bf4 Nd7 19. Bxd6 Kf7 20. O-O Rac8 21. Rac1 Ke6 22. Bb4 Rhd8 23. Rfd1 Rxc1 24. Rxc1 Ra8 25. Rc6+ Kf7 26. Rc4 Nf6 27. Bc3 Nd5 28. Rxe4 Nxc3 29. bxc3 Rc8 30. Ra4 Rc7 31. Ra6 Ke7 32. f4 Kd7 33. Kf2 Kc8 34. e4 Kb7 35. Ra3 Kc6 36. Ke3 Kc5 37. Ra4 Kb5 38. Rb4+ Ka5 39. Kd3 a6 40. e5 g6 41. g4 h6 42. f5 h5 43. f6 h4 44. Re4 1-0

[Event "45th Olympiad Budapest 2024"]
[Site "Budapest"]
[Date "2024.09.19"]
[Round "8"]
[Board "4"]
[White "Maharaj, Yash Krishen"]
[Black "Forbes, Garry"]
[Result "0-1"]
[WhiteElo "1847"]
[BlackElo "1858"]
[PlyCount "102"]
[EventDate "2024.09.11"]
[EventType "team-tourn"]
[EventRounds "11"]
[EventCountry "HUN"]
[WhiteTeam "Fiji"]
[BlackTeam "Jersey"]
[WhiteTeamCountry "FIJ"]

1. e4 d5 2. exd5 Nf6 3. d4 Bg4 4. f3 Bf5 5. Bb5+ c6 6. dxc6 Nxc6 7. c3 e6 8. Ne2 Be7 9. O-O O-O 10. Bd3 Bxd3 11. Qxd3 e5 $146 ({RR} 11... Qb6 12. Nd2 Rac8 13. Ne4 Rfd8 14. Bg5 Nxe4 15. Bxe7 Nc5 16. Bxd8 Rxd8 17. Qc2 Nd7 18. Kh1 Nf6 19. Rad1 Nd5 20. Rd3 Rc8 21. a3 h6 22. c4 Na5 23. c5 Qa6 24. b4 Nc4 25. Qb3 Nce3 26. Rxe3 {1-0 Sanal,V (2567)-Dushyant,S (2357) Titled Tue 9th Jan Early 2024 (1)}) 12. Be3 exd4 13. Nxd4 Nd5 14. Nxc6 bxc6 15. Nd2 Nxe3 16. Qxe3 Bg5 17. f4 Re8 18. Qf3 Qb6+ 19. Kh1 Be7 20. b3 Rad8 21. Ne4 f5 22. Ng5 Bxg5 23. fxg5 g6 24. Rad1 Rxd1 25. Rxd1 Re3 26. Qf2 Rxc3 27. Qxb6 axb6 28. h4 Rc2 29. Ra1 Rb2 30. Kh2 c5 31. Kg3 Kf7 32. Kf3 Ke6 33. g3 Rc2 34. Re1+ Kf7 35. Re2 Rc3+ 36. Re3 Rc2 37. a4 Rd2 38. Kf4 Rd4+ 39. Ke5 Rd7 40. g4 Re7+ 41. Kf4 Rxe3 42. Kxe3 fxg4 43. Kf4 Ke6 44. Kxg4 Kd5 45. h5 Kd4 46. hxg6 hxg6 47. Kf4 Kc3 48. Ke5 Kxb3 49. Kf6 c4 50. Kxg6 c3 51. a5 bxa5 0-1

[Event "45th Olympiad Budapest 2024"]
[Site "Budapest"]
[Date "2024.09.19"]
[Round "8"]
[Board "1"]
[White "Pereira, Sergio"]
[Black "Misambo, .J. Kilasa"]
[Result "1-0"]
[WhiteElo "1988"]
[BlackElo "1843"]
[PlyCount "77"]
[EventDate "2024.09.11"]
[EventType "team-tourn"]
[EventRounds "11"]
[EventCountry "HUN"]
[WhiteTeam "Sao Tome and Principe"]
[BlackTeam "Tanzania"]
[WhiteTeamCountry "SAO"]
[BlackTeamCountry "TAN"]

1. e4 d6 2. d4 Nf6 3. Nc3 g6 4. f4 Bg7 5. Nf3 O-O 6. Bd3 Nc6 7. e5 dxe5 8. fxe5 Nd5 9. Nxd5 Qxd5 10. c4 ({RR} 10. c3 f6 11. Qe2 Kh8 12. Be4 Qd8 13. Be3 fxe5 14. d5 Nb8 15. O-O-O Nd7 16. Bc2 e4 17. Bxe4 Nf6 18. Bc2 Qd6 19. Bd4 Nxd5 20. Bxg7+ Kxg7 21. Rhe1 Bg4 22. Kb1 Bxf3 23. gxf3 Qc6 24. Be4 e6 {0-1 Karjakin,S (2678)-Petrosian,T (2613) Mainz Ordix op 14th rapid 2007 (9)}) ({RR} 10. c3 f6 11. Qe2 Kh8 12. Be4 Qa5 13. b4 Qb6 14. Be3 Nxb4 15. Rb1 a5 16. cxb4 axb4 17. O-O Qa5 18. Rb2 fxe5 19. Nxe5 Rxf1+ 20. Qxf1 Be6 21. Nd3 Rf8 22. Qe1 Bd5 23. Bxd5 Qxd5 24. Nxb4 Qe4 {1-0 Dubov,D (2707)-Bachmann,A (2578) Titled Tue 21st May Early 2024 (5)}) 10... Qd8 11. Be3 a5 $146 ({RR} 11... Bg4 12. Be4 Qd7 13. Qd2 Rad8 14. O-O-O a5 15. h3 Bf5 16. Bxf5 Qxf5 17. Qc2 Qd7 18. Qe4 f6 19. d5 Nxe5 20. Nxe5 fxe5 21. g4 Rf6 22. h4 Qa4 23. Kb1 b5 24. b3 Qb4 25. Bd2 Qd6 26. h5 {0-1 Mathur,M-Hug,M (2250) Bad Ragaz op 1991 (8)}) ({RR} 11... Bg4 12. Be4 e6 13. O-O Rb8 14. h3 Bxf3 15. Bxf3 Ne7 16. g4 c5 17. Qd2 cxd4 18. Qxd4 Nc6 19. Bxc6 bxc6 20. b3 a5 21. Rad1 Qc7 22. Bf4 a4 23. bxa4 Qa5 24. h4 Qxa4 25. h5 Qxa2 26. h6 {1-0 Trifan,A (2302)-Ansh,M (2166) Titled Tue 5th Sep Early 2023 (9)}) 12. h3 e6 13. Qd2 f6 14. h4 fxe5 15. h5 exd4 16. Bh6 Rxf3 17. gxf3 Ne5 18. Be4 Qf8 19. Bxg7 Nxf3+ 20. Bxf3 Qxf3 21. Rh4 Qg3+ 22. Qf2 Qxf2+ 23. Kxf2 Kxg7 24. h6+ Kf7 25. Rxd4 b6 26. Rad1 Kf6 27. Rd8 Kg5 28. Rh8 Kxh6 29. Rdd8 Bb7 30. Rxa8 Bxa8 31. Rxa8 Kg5 32. Ra7 h5 33. Rxc7 h4 34. Rc6 Kf5 35. Rxb6 g5 36. c5 g4 37. c6 g3+ 38. Kg1 h3 39. c7 1-0

[Event "45th Olympiad Budapest 2024"]
[Site "Budapest"]
[Date "2024.09.19"]
[Round "8"]
[Board "2"]
[White "Veer, Gandhi"]
[Black "Espirito Santo, Waldyr"]
[Result "1-0"]
[WhiteElo "1792"]
[BlackElo "1926"]
[PlyCount "89"]
[EventDate "2024.09.11"]
[EventType "team-tourn"]
[EventRounds "11"]
[EventCountry "HUN"]
[WhiteTeam "Tanzania"]
[BlackTeam "Sao Tome and Principe"]
[WhiteTeamCountry "TAN"]
[BlackTeamCountry "SAO"]

1. d4 Nf6 2. Nc3 d5 3. Bf4 e6 4. Nb5 Bb4+ 5. c3 Ba5 6. a4 a6 7. b4 axb5 8. axb5 Nh5 ({RR} 8... b6 9. bxa5 bxa5 10. e3 Nbd7 11. Nf3 Bb7 12. Bd3 c5 13. bxc6 Bxc6 14. Bd6 Ne4 15. Ba3 f6 16. O-O Kf7 17. Bxe4 dxe4 18. Nd2 Nb6 19. c4 Re8 20. Qc2 f5 21. Rfb1 Kg8 22. Bc5 Nd7 23. Bd6 {1-0 Jobava,B (2669)-Gelfand,B (2734) Eurasia Blitz Chess Cup 2016 (6)}) 9. Bd2 O-O $146 ({RR} 9... c6 10. bxa5 Rxa5 11. Rxa5 Qxa5 12. e4 Nf6 13. c4 Qa7 14. exd5 exd5 15. Nf3 O-O 16. Be2 dxc4 17. bxc6 b5 18. Bb4 Rd8 19. O-O Nxc6 20. Bc5 Qb8 21. Qb1 h6 22. h3 Nd5 23. Re1 Nc3 24. Qc2 {0-1 Gheorghiu,C (2286)-Howell,D (2650) Titled Tuesday intern op 16th Aug Late blitz 2022 (9)}) ({RR} 9... c6 10. bxa5 cxb5 11. e4 Nf6 12. Bxb5+ Nc6 13. e5 Ne4 14. a6 O-O 15. Nf3 Qb6 16. Bd3 bxa6 17. Ng5 f5 18. exf6 Nxf6 19. O-O e5 20. dxe5 Nxe5 21. Be3 Qc7 22. Bd4 h6 23. Nf3 Nxd3 24. Qxd3 {1-0 Laddha,S (2308)-Ambartsumian,T (2156) Titled Tue 30th Jul Early 2024 (3)}) ({RR} 9... b6 10. e3 Nf6 11. Bd3 Nbd7 12. Nf3 Bb7 13. bxa5 bxa5 14. O-O Nb6 15. Ne5 O-O 16. Qc2 Kh8 17. f3 Nfd7 18. Nc6 Bxc6 19. bxc6 Nb8 20. c4 dxc4 21. Bxc4 Nxc6 22. Bd3 Qd7 23. Qc5 Qd5 24. Rfc1 {1-0 Nikolovski,D (1848)-Peshevski,M Open ch-MKD 2023 (7.14)}) 10. e3 Nf6 11. Rxa5 Rxa5 12. bxa5 c6 13. b6 Re8 14. Nf3 Ne4 15. Qc2 Qe7 16. Bc1 f6 17. Bd3 f5 18. O-O Nd7 19. c4 g5 20. Bxe4 fxe4 21. Nd2 g4 22. Bb2 h5 23. Ra1 Qg5 24. Ba3 e5 25. cxd5 cxd5 26. Bb2 h4 27. Nf1 Qf5 28. dxe5 Nxe5 29. Bxe5 Qxe5 30. Rd1 Rf8 31. Qd2 Be6 32. Rc1 Rf7 33. Rd1 Qf5 34. Qe2 Qe5 35. Rd4 Rg7 36. a6 bxa6 37. Qxa6 Qb8 38. b7 Re7 39. Rb4 Re8 40. Rb6 Kf7 41. Qb5 Re7 42. g3 h3 43. Qc6 Re8 44. Nd2 Qe5 45. Qxe8+ 1-0

[Event "45th Olympiad Budapest 2024"]
[Site "Budapest"]
[Date "2024.09.19"]
[Round "8"]
[Board "3"]
[White "Nascimento, Admilton De Ceita Dos Santos"]
[Black "Lusako, Shedrack"]
[Result "1/2-1/2"]
[WhiteElo "1908"]
[BlackElo "1760"]
[PlyCount "201"]
[EventDate "2024.09.11"]
[EventType "team-tourn"]
[EventRounds "11"]
[EventCountry "HUN"]
[WhiteTeam "Sao Tome and Principe"]
[BlackTeam "Tanzania"]
[WhiteTeamCountry "SAO"]
[BlackTeamCountry "TAN"]

1. d4 d5 2. c4 e6 3. e3 Nf6 4. Nc3 c5 5. dxc5 Bxc5 6. cxd5 exd5 ({RR} 6... Nxd5 7. Nxd5 Qxd5 8. Qxd5 exd5 9. Nf3 Nc6 10. Bb5 O-O 11. O-O Rd8 12. Bd2 d4 13. Bxc6 bxc6 14. Ba5 Bb6 15. Bxb6 axb6 16. Nxd4 c5 17. Nc6 Re8 18. b4 Bb7 19. b5 Bxc6 {½-½ Burdalev,K (2344)-Lajbl,J (2235) TCh-CZE 1 Liga Zapad 2023 (7.2)}) 7. Nf3 Bf5 $146 ({RR} 7... O-O 8. Be2 Nc6 9. O-O d4 10. Na4 Bb6 11. Nxb6 Qxb6 12. exd4 Rd8 13. Qc2 Nb4 14. Qb3 Be6 15. Bc4 Bxc4 16. Qxc4 Rac8 17. Qb3 Nc2 18. Qxb6 axb6 19. Rb1 Nxd4 20. Nxd4 Rxd4 21. Be3 Rdc4 22. Bxb6 {0-1 Werl,W (2088)-Haecks,E Schleswig Holstein-ch Seniors 56th 2001 (9)}) ({RR} 7... O-O 8. Be2 Nc6 9. O-O Re8 10. Nb5 Ne4 11. Nbd4 Bg4 12. Nxc6 bxc6 13. Qc2 Qf6 14. Rb1 Bd6 15. Nd4 Bxe2 16. Nxe2 c5 17. b3 d4 18. exd4 cxd4 19. Bb2 Rac8 20. Qd1 Nc3 21. Bxc3 dxc3 22. Qc2 {0-1 Kamrukov,A (2296)-Potkin,V (2574) RUS-chT rapid 2017 (1.4)}) ({RR} 7... O-O 8. h3 Nc6 9. Bd3 d4 10. exd4 Re8+ 11. Ne2 Nxd4 12. Nfxd4 Qxd4 13. O-O Qh4 14. Bf4 Bd7 15. Bg3 Qg5 16. Qc1 Be3 17. fxe3 Rac8 18. Bf4 Qd5 19. Qd2 Bb5 20. Rad1 Rcd8 21. Nd4 Bxd3 22. Qxd3 {1-0 Ivlev,A-Shchekochikhin,M RUS-chB U12 Dagomys 2009 (7)}) ({RR} 7... a6 8. g3 O-O 9. Bg2 Nc6 10. O-O Qd6 11. Qc2 Rd8 12. Rd1 Qe7 13. b3 Bg4 14. Rf1 Ba7 15. Bb2 Rac8 16. a3 Bxf3 17. Bxf3 d4 18. exd4 Nxd4 19. Qd1 Qe6 20. Re1 Qxe1+ 21. Qxe1 Nxf3+ {0-1 Claus,S-Schell,W Karl Mala Memorial op 07th 2003 (5)}) 8. Qb3 Qb6 9. Nxd5 Qxb3 10. Nxf6+ gxf6 11. axb3 Bb4+ 12. Bd2 Bxd2+ 13. Nxd2 Nc6 14. Bb5 Bd7 15. Ne4 Ke7 16. Nc5 Nb4 17. Nxd7 Nc2+ 18. Ke2 Nxa1 19. Rxa1 a6 20. Nb6 Rad8 21. Bc4 Rd6 22. Nd5+ Kf8 23. Nf4 b5 24. Bd3 Kg7 25. Rc1 Rhd8 26. Rc5 Re8 27. Rf5 Re5 28. Nh5+ Kf8 29. Rxf6 Rxd3 30. Kxd3 Rxh5 31. h3 Rd5+ 32. Kc3 Rc5+ 33. Kb4 Rc2 34. Ka5 Rxb2 35. b4 Ra2+ 36. Kb6 Ke7 37. Rf4 Ke6 38. g4 f6 39. Re4+ Kf7 40. f4 h6 41. h4 Ra4 42. Rd4 Ra3 43. e4 Rc3 44. g5 fxg5 45. fxg5 hxg5 46. hxg5 Rc4 47. g6+ Kxg6 48. Rd6+ Kf7 49. Ka5 Rxe4 50. Rxa6 Ke8 51. Kxb5 Kd7 52. Rh6 Kc7 53. Rh7+ Kb8 54. Ka5 Re6 55. b5 Rd6 56. Rh5 Ka7 57. Rc5 Kb7 58. Re5 Rd7 59. Re6 Rf7 60. Rd6 Re7 61. Rb6+ Ka7 62. Rf6 Kb7 63. Rf5 Rg7 64. Kb4 Rc7 65. Re5 Kb6 66. Re2 Rf7 67. Re4 Rc7 68. Re8 Kb7 69. Ka5 Rf7 70. Re5 Rg7 71. Rd5 Re7 72. Rd6 Rf7 73. Rb6+ Ka7 74. Re6 Kb7 75. Kb4 Rf4+ 76. Kc5 Rf5+ 77. Kb4 Rf4+ 78. Ka5 Rf7 79. Rd6 Rg7 80. Kb4 Rg4+ 81. Kc5 Rg5+ 82. Kb4 Rg4+ 83. Ka5 Rg7 84. Rf6 Re7 85. Kb4 Re4+ 86. Kc5 Re5+ 87. Kc4 Re7 88. Kd5 Rd7+ 89. Kc5 Rc7+ 90. Rc6 Rxc6+ 91. bxc6+ Kc7 92. Kb5 Kc8 93. Kc4 Kc7 94. Kd5 Kc8 95. Kd4 Kc7 96. Kd5 Kc8 97. Kd4 Kc7 98. Kc5 Kc8 99. Kb6 Kb8 100. c7+ Kc8 101. Kc6 1/2-1/2

[Event "45th Olympiad Budapest 2024"]
[Site "Budapest"]
[Date "2024.09.19"]
[Round "8"]
[Board "4"]
[White "Henry, Marwa Michael"]
[Black "Lima, Osvaldo Dos Santos"]
[Result "0-1"]
[WhiteElo "1715"]
[BlackElo "1903"]
[PlyCount "120"]
[EventDate "2024.09.11"]
[EventType "team-tourn"]
[EventRounds "11"]
[EventCountry "HUN"]
[WhiteTeam "Tanzania"]
[BlackTeam "Sao Tome and Principe"]
[WhiteTeamCountry "TAN"]
[BlackTeamCountry "SAO"]

1. e4 g6 2. d4 Bg7 3. Nf3 d6 4. Bd3 Nf6 5. c3 O-O 6. Nbd2 Nc6 7. O-O e5 8. d5 Ne7 ({RR} 8... Nb8 9. a4 c6 10. c4 Na6 11. Re1 Nb4 12. Bb1 a5 13. Ra3 Nd7 14. Nf1 cxd5 15. cxd5 Nc5 16. Ne3 b6 17. Nc4 Ba6 18. Rc3 Rc8 19. Nfd2 b5 20. axb5 Bxb5 21. Na3 Bd3 22. Ndc4 Bxb1 23. Nxb1 {0-1 Jobava,B (2578)-Gharibyan,M (2470) Titled Tue 1st Nov Early 2022 (9)}) 9. h3 ({RR} 9. c4 h6 10. b4 a5 11. bxa5 Rxa5 12. Nb3 Ra8 13. c5 Nh5 14. cxd6 cxd6 15. Re1 f5 16. exf5 Bxf5 17. Bxf5 Nxf5 18. Bb2 Nf4 19. g3 Nh3+ 20. Kg2 Ng5 21. Nxg5 Qxg5 22. Nd2 Nh4+ 23. Kf1 Qf5 {0-1 Cnejev,V (2165)-Bachmann,A (2595) Titled Tuesday intern op 30th Aug Early blitz 2022 (1)}) 9... h6 10. Nh2 $146 ({RR} 10. Re1 Ne8 11. Qb3 f5 12. c4 f4 13. c5 g5 14. Be2 Nf6 15. cxd6 cxd6 16. Nh2 h5 17. g4 Qa5 18. f3 a6 19. Rd1 Bd7 20. Nc4 Qc5+ 21. Kg2 b5 22. Na5 Kh8 23. Bd2 Qa7 24. Bb4 Qb6 {0-1 Secher,P (1685)-Batard,D (1987) Gorges op 22th 2012 (2)}) ({RR} 10. Re1 Nh7 11. Nf1 f5 12. Qc2 f4 13. c4 g5 14. N3h2 h5 15. Be2 Nf6 16. f3 c6 17. Bd1 Rf7 18. Bd2 Bf8 19. Bc3 c5 20. Be2 Kh8 21. Reb1 Neg8 22. b4 b6 23. bxc5 bxc5 24. Rb2 Nh6 {0-1 Marschalek,H (1828)-Herzog,A (2405) Jacques Lemans op 16th 1996 (1)}) ({RR} 10. Re1 Nd7 11. c4 a5 12. a3 f5 13. Rb1 Nc5 14. Bc2 a4 15. exf5 gxf5 16. b4 axb3 17. Nxb3 b6 18. Nxc5 bxc5 19. Nh4 f4 20. Rb3 Bf6 21. Qd3 Rf7 22. Ng6 Nf5 23. Bd1 Nd4 24. Bh5 Bf5 {0-1 Salazar Gould,M (1990)-Valdes Romero,L (2406) CRI-ch sf San Jose 2018 (4)}) 10... g5 11. g4 Ng6 12. Ndf3 a6 13. a4 a5 14. Re1 Nh7 15. Nf1 Nf4 16. Bxf4 gxf4 17. N1h2 Bf6 18. Kh1 Kh8 19. Rg1 Rg8 20. c4 b6 21. Qd2 Bd7 22. Bf1 Qe7 23. Qe2 Rg7 24. Nd2 Rag8 25. f3 Qe8 26. b3 Bh4 27. Nb1 Bg3 28. Qd2 Ng5 29. Kg2 Bxh2 30. Rh1 Bg3 31. h4 Nh7 32. b4 axb4 33. Qxb4 Bxg4 34. fxg4 Rxg4 35. Kf3 Bxh4 36. Nc3 Qd7 37. Ke2 f3+ 38. Kd3 Qe7 39. Kc2 Qg5 40. Qb1 Nf6 41. Kb3 Nd7 42. Kb4 Nc5 43. Ra2 Bg3 44. Bh3 Rf4 45. Bf5 h5 46. Qd1 h4 47. Rh3 Kg7 48. a5 bxa5+ 49. Rxa5 f2 50. Rh1 Rxf5 51. exf5 Qxf5 52. Ra7 Rb8+ 53. Nb5 Nd3+ 54. Ka5 e4 55. Rxc7 Rh8 56. Rc6 Qg6 57. Nxd6 Bxd6 58. c5 Ra8+ 59. Kb6 Bxc5+ 60. Kb5 Rb8+ 0-1

[Event "45th Olympiad Budapest 2024"]
[Site "Budapest"]
[Date "2024.09.19"]
[Round "8"]
[Board "1"]
[White "Thabang, Mphane"]
[Black "Morazo, John Ranel"]
[Result "0-1"]
[WhiteElo "1799"]
[BlackElo "2200"]
[PlyCount "62"]
[EventDate "2024.09.11"]
[EventType "team-tourn"]
[EventRounds "11"]
[EventCountry "HUN"]
[WhiteTeam "Lesotho"]
[BlackTeam "Palau"]
[WhiteTeamCountry "LES"]
[BlackTeamCountry "PAL"]

1. Nf3 Nf6 2. c4 c5 3. Nc3 Nc6 4. g3 g6 5. Bg2 Bg7 6. O-O O-O 7. e4 d6 8. a3 ({RR} 8. h3 Ne8 9. d3 Nc7 10. Be3 Ne6 11. Qd2 Ned4 12. Nh2 Rb8 13. Bh6 b5 14. Bxg7 Kxg7 15. Nxb5 Nxb5 16. cxb5 Rxb5 17. e5 Nxe5 18. d4 Nd7 19. dxc5 Rxc5 20. b4 Rc7 21. Ng4 f5 22. Ne3 Nf6 {0-1 Stefanova,A (2459)-Mirzoev,A (2516) Lisbon op 2001 (7)}) ({RR} 8. h3 Ne8 9. d3 Nc7 10. Be3 Ne6 11. Qd2 Re8 12. a3 a5 13. Rab1 a4 14. Qc2 Qa5 15. Nb5 Ncd4 16. Nfxd4 cxd4 17. Bd2 Qd8 18. f4 Bd7 19. f5 Nc5 20. f6 Bxb5 21. fxg7 Bd7 22. Bh6 e5 {0-1 Turuguet Lopez,J (1791)-Lambert Pont,M (2058) XXIII Foment Martinenc Op 2023 (1.18)}) 8... a6 9. h3 $146 ({RR} 9. d3 Bg4 10. Be3 Ne5 11. h3 Nxf3+ 12. Bxf3 Bxh3 13. Re1 Bc8 14. Rb1 Rb8 15. Nd5 Nd7 16. b4 e6 17. Nf4 b6 18. Ng2 Qc7 19. Qd2 Ne5 20. Be2 Bb7 21. Rb3 Bc6 22. bxc5 bxc5 23. Reb1 Rxb3 {0-1 Milla Mercado,J (1268)-Martorell Prats,A (1593) Santa Margalida Mallorca-ch 2016 (2)}) 9... Rb8 10. d4 cxd4 11. Nxd4 Nxd4 12. Qxd4 Be6 13. c5 Nd7 14. Qe3 Nxc5 15. Rb1 Bc4 16. Rd1 Bb3 17. Rd2 b5 18. Ne2 Qb6 19. Nd4 Bxd4 20. Qxd4 Ba2 21. Ra1 Nb3 22. Qxb6 Rxb6 23. Rd1 Nxa1 24. Be3 Rc6 25. Rxa1 Bb3 26. Bd4 Rfc8 27. f4 Rc1+ 28. Rxc1 Rxc1+ 29. Kf2 Rc2+ 30. Kf3 Rd2 31. Bc3 Bd1+ 0-1

[Event "45th Olympiad Budapest 2024"]
[Site "Budapest"]
[Date "2024.09.19"]
[Round "8"]
[Board "2"]
[White "Salvadora, Angelo"]
[Black "Tsephe, Lebajoa"]
[Result "0-1"]
[WhiteElo "1812"]
[BlackElo "1900"]
[PlyCount "76"]
[EventDate "2024.09.11"]
[EventType "team-tourn"]
[EventRounds "11"]
[EventCountry "HUN"]
[WhiteTeam "Palau"]
[BlackTeam "Lesotho"]
[WhiteTeamCountry "PAL"]
[BlackTeamCountry "LES"]

1. e4 c5 2. Nf3 d6 3. Bc4 Nf6 4. Ng5 e6 5. d3 ({RR} 5. Nc3 a6 6. O-O b5 7. Be2 h6 8. Bf3 e5 9. Nh3 Be7 10. Nd5 Nxd5 11. exd5 O-O 12. c3 Nd7 13. d4 cxd4 14. cxd4 exd4 15. Qxd4 Ne5 16. Qe4 Bxh3 17. gxh3 Rc8 18. Bf4 Rc4 19. Qe3 Bg5 {0-1 Flores,J-Mansilla,J (2246) Huacho op 2nd 2004 (1)}) 5... a6 ({RR} 5... g6 6. b3 Bg7 7. Bb2 O-O 8. d4 d5 9. exd5 exd5 10. Be2 b6 11. Nf3 Re8 12. O-O Nc6 13. dxc5 bxc5 14. Bb5 Qd6 15. Re1 Bd7 16. Nbd2 Re7 17. Rxe7 Qxe7 18. Qe1 Qd6 19. Bxc6 Bxc6 20. Qe5 {1-0 Sosa Nesper,M (1548)-Dadalauri,M Serpiano op 2022 (4)}) 6. a4 Be7 $146 ({RR} 6... Nc6 7. c3 Be7 8. Be3 O-O 9. Nd2 d5 10. Bb3 Ne5 11. d4 cxd4 12. cxd4 Neg4 13. e5 Nxe3 14. fxe3 Ng4 15. Qxg4 Bxg5 16. Qh3 Bh4+ 17. g3 Bg5 18. Bc2 h6 19. Qf1 Bxe3 20. Qd3 Bxd2+ 21. Kxd2 {½-½ Dangl,P (1700)-Gapp,W (1815) AUT-chT2W 9495 1994 [2]}) ({RR} 6... Nc6 7. O-O h6 8. Nf3 Be7 9. c3 Qb6 10. Qe2 Qc7 11. h3 O-O 12. d4 d5 13. Bd3 dxe4 14. Bxe4 Nxe4 15. Qxe4 cxd4 16. Qg4 e5 17. Qe4 f5 18. Qd5+ Kh7 19. cxd4 exd4 20. Nxd4 Nxd4 21. Qxd4 {1-0 Vela Prunell,D-Garcia Castany,J (1495) Girona-ch 2012 (3)}) 7. O-O h6 8. Nh3 d5 9. exd5 exd5 10. Bb3 Bxh3 11. gxh3 O-O 12. Bf4 Nc6 13. c3 Bd6 14. Bg3 Qd7 15. Kg2 Ne7 16. Nd2 Ng6 17. f4 Ne7 18. Nf3 Nf5 19. Qd2 d4 20. cxd4 cxd4 21. Bf2 Nh5 22. Ne5 Bxe5 23. fxe5 g5 24. Rg1 Nf4+ 25. Kf1 Nxh3 26. Rg2 Nxf2 27. Rxf2 Ne3+ 28. Ke2 Qg4+ 29. Rf3 Rae8 30. Qa5 Nf5 31. Raf1 Nh4 32. Qc7 Nxf3 33. Rxf3 Qh5 34. Bd5 g4 35. Rf1 Qxe5+ 36. Qxe5 Rxe5+ 37. Be4 f5 38. Rg1 h5 0-1